| 000 | 01102pam a2200313 a 4500 | ||
|---|---|---|---|
| 003 | OSt | ||
| 005 | 20180829180554.0 | ||
| 008 | 990413s2018 nyua b 001 0 eng | ||
| 020 | _a9781119055334 | ||
| 040 |
_aDLC _cDLC _dDLC _dOrLoB _beng |
||
| 042 | _apcc | ||
| 050 | 0 | 0 |
_aQP33.6.M36 _bK48 2000 |
| 082 | 0 | 0 |
_a571.7015118 _221 _bKMP |
| 100 | 1 |
_aKhoo, Michael C. K. _964538 |
|
| 245 | 1 | 0 |
_aPhysiological control systems : _banalysis, simulation, and estimation / _cMichael C.K. Khoo. |
| 260 |
_aNew York : _bIEEE Press, _cc2018. |
||
| 300 |
_axvii, 429 p. : _bill. ; _c27 cm. |
||
| 490 | 1 | _aIEEE Press series on biomedical engineering. | |
| 500 | _a"IEEE Engineering in Medicine and Biology Society, sponsor." | ||
| 504 | _aIncludes bibliographical references and index. | ||
| 650 | 0 |
_aPhysiology _xMathematical models. _941885 |
|
| 650 | 0 |
_aBiological control systems _xMathematical models. _964539 |
|
| 710 | 2 |
_aIEEE Engineering in Medicine and Biology Society. _964540 |
|
| 942 | _cBOOK | ||
| 908 | 0 | 0 | _aQP33.6.M36 |
| 981 |
_aBNA _bSNG _cS |
||
| 999 |
_c42678 _d312298 |
||